বঙ্গবন্ধু শেখ মুজিবুর রহমান : (Record no. 39263)
[ view plain ]
| 000 -LEADER | |
|---|---|
| fixed length control field | 02173nam a2200397 4500 |
| 001 - CONTROL NUMBER | |
| control field | 39263 |
| 003 - CONTROL NUMBER IDENTIFIER | |
| rucl marc code | BD-RjUL |
| 005 - DATE AND TIME OF LATEST TRANSACTION | |
| control field | 20211209052944.0 |
| 008 - FIXED-LENGTH DATA ELEMENTS--GENERAL INFORMATION | |
| fixed length control field | 160406m20142008bg a||| |||| 00|10 bbend |
| 020 ## - INTERNATIONAL STANDARD BOOK NUMBER | |
| International Standard Book Number | 9840746472 (V-1): 2008 |
| Terms of availability | : Tk.500.00 |
| International Standard Book Number | 9840746480 (V-2): 2008 |
| Terms of availability | : Tk.500.00 |
| International Standard Book Number | 98407516964 (V-1) : 2014 |
| Terms of availability | : Tk.500.00 |
| International Standard Book Number | 9840751972 (V-2) : 2014 |
| Terms of availability | : Tk. 500.00 |
| 035 ## - SYSTEM CONTROL NUMBER | |
| System control number | (BD-RjUL)39376 |
| 040 ## - CATALOGING SOURCE | |
| Original cataloging agency | BD-RjUL |
| Language of cataloging | ben/eng |
| Transcribing agency | BD-RjUL |
| 041 ## - LANGUAGE CODE | |
| Language code of text/sound track or separate title | ben |
| 082 ## - DEWEY DECIMAL CLASSIFICATION NUMBER | |
| Edition number | 23 |
| Author mark and year | BAN 2008-2014 |
| Classification number | 954.9205092 |
| 245 00 - TITLE STATEMENT | |
| Title | বঙ্গবন্ধু শেখ মুজিবুর রহমান : |
| Remainder of title | জীবন ও রাজনীতি / |
| Statement of responsibility, etc. | সম্পাদক মোনায়েম সরকার ; সম্পাদনা ও প্রামান্যকরণ পরিষদ: সন্তোষ গুপ্ত ...[এবং অন্যান্য] |
| 260 ## - PUBLICATION, DISTRIBUTION, ETC. (IMPRINT) | |
| Place of publication, distribution, etc. | ঢাকা : |
| Name of publisher, distributor, etc. | বাংলা একাডেমী, |
| Date of publication, distribution, etc. | ২০০৮ [মুর্দ্রণ ২০১৪] |
| 300 ## - PHYSICAL DESCRIPTION | |
| Pagination | খণ্ড : |
| Illustrations | চিত্র ; |
| Size | ২২ সেমি. |
| 490 ## - SERIES STATEMENT | |
| Series statement | বাএ ; |
| Volume/sequential designation | ৪৬৩৮ (V-1:2008) |
| Series statement | বাএ ; |
| Volume/sequential designation | ৪৬৩৯ (V-2:2008) |
| Series statement | বাএ ; |
| Volume/sequential designation | ৫১৮৭ (V-1:2014) |
| Series statement | বাএ ; |
| Volume/sequential designation | ৫১৮৮ (V-2:2014) |
| 504 ## - BIBLIOGRAPHY, ETC. NOTE | |
| Bibliography, etc | টিকা ও তথ্যনির্দেশ সংযুক্ত |
| 505 ## - FORMATTED CONTENTS NOTE | |
| Formatted contents note | খন্ড ১-- খন্ড ২ -- |
| 650 ## - SUBJECT ADDED ENTRY--TOPICAL TERM | |
| Topical term or geographic name as entry element | মুজিবুর রহমান , শেখ |
| 9 (RLIN) | 121072 |
| Form subdivision | জীবনী |
| Chronological subdivision | ১৯২০-১৯৭৫ |
| Topical term or geographic name as entry element | Mujibur Rahman, Sheikh |
| Form subdivision | Biography |
| Chronological subdivision | 1920-1975 |
| 9 (RLIN) | 121440 |
| 700 ## - ADDED ENTRY--PERSONAL NAME | |
| Personal name | সরকার, মোনায়েম, সম্পাদক |
| Personal name | গুপ্ত, সন্তোষ ...[এবং অন্যান্য], সম্পাদনা ও প্রামান্যকরণ পরিষদ |
| 830 ## - SERIES ADDED ENTRY--UNIFORM TITLE | |
| Uniform title | বাএ ; |
| Volume number/sequential designation | ৪৬৩৮ (V-1:2008) |
| Uniform title | বাএ ; |
| Volume number/sequential designation | ৪৬৩৯ (V-2:2008) |
| Uniform title | বাএ ; |
| Volume number/sequential designation | ৫১৮৭ (V-1:2014) |
| Uniform title | বাএ ; |
| Volume number/sequential designation | ৫১৮৮ (V-2:2014) |
| 942 ## - ADDED ENTRY ELEMENTS (KOHA) | |
| Source of classification or shelving scheme | Dewey Decimal Classification |
| Koha item type | Books |
| Lost status | Source of classification or shelving scheme | Damaged status | Not for loan | Collection code | Permanent Location | Current Location | Shelving location | Date acquired | Source of acquisition | Cost, normal purchase price | Total Checkouts | Full call number | Date last seen | Copy number | Koha item type | Total Renewals | Date checked out |
|---|---|---|---|---|---|---|---|---|---|---|---|---|---|---|---|---|---|
| Dewey Decimal Classification | Not For Loan | Non-fiction | Central Library, University of Rajshahi | Central Library, University of Rajshahi | Reading Room | 13/01/2016 | Biddashagor, Rajshahi | 500.00 | B 954.9205092 BAN V-1 2014. | 06/04/2016 | C-1 | Books | |||||
| Dewey Decimal Classification | Non-fiction | Central Library, University of Rajshahi | Central Library, University of Rajshahi | 13/01/2016 | Biddashagor, Rajshahi | 500.00 | 6 | B 954.9205092 BAN V-1 2014. | 15/12/2021 | C-2 | Books | 15/12/2021 | |||||
| Dewey Decimal Classification | Not For Loan | Non-fiction | Central Library, University of Rajshahi | Central Library, University of Rajshahi | Reading Room | 13/01/2016 | Biddashagor, Rajshahi | 500.00 | B 954.9205092 BAN V-2 2014. | 06/04/2016 | C-1 | Books | |||||
| Dewey Decimal Classification | Non-fiction | Central Library, University of Rajshahi | Central Library, University of Rajshahi | 13/01/2016 | Biddashagor, Rajshahi | 500.00 | 2 | B 954.9205092 BAN V-2 2014. | 02/10/2019 | C-2 | Books | 18/09/2019 | |||||
| Dewey Decimal Classification | Non-fiction | Central Library, University of Rajshahi | Central Library, University of Rajshahi | 13/01/2016 | Biddashagor, Rajshahi | 500.00 | 4 | B 954.9205092 BAN V-2 2014 | 21/03/2019 | C-3 | Books | 11/03/2019 | |||||
| Dewey Decimal Classification | Non-fiction | Central Library, University of Rajshahi | Central Library, University of Rajshahi | 13/01/2016 | Biddashagor, Rajshahi | 500.00 | 2 | B 954.9205092 BAN V-1 2014. | 12/12/2022 | C-3 | Books | 17/12/2021 | |||||
| Dewey Decimal Classification | Non-fiction | Central Library, University of Rajshahi | Central Library, University of Rajshahi | 04/02/2012 | Bangla Academy, Dhaka | 1000.00 | 6 | B 954.9205092 BAN V-1 2008 | 05/12/2021 | C-4 | Books | 1 | 05/03/2020 | ||||
| Dewey Decimal Classification | Non-fiction | Central Library, University of Rajshahi | Central Library, University of Rajshahi | 04/02/2012 | Bangla Academy, Dhaka | 1000.00 | 4 | B 954.9205092 BAN V-2 2008 | 05/12/2021 | C-4 | Books | 05/03/2020 | |||||
| Dewey Decimal Classification | Non-fiction | Central Library, University of Rajshahi | Central Library, University of Rajshahi | 04/02/2012 | Dhaka, Bangla Academy | 500.00 | 2 | B 954.9205092 BAN V-1 2008 | 04/04/2022 | C-5 | Books | 17/12/2021 | |||||
| Dewey Decimal Classification | Non-fiction | Central Library, University of Rajshahi | Central Library, University of Rajshahi | 04/02/2012 | Dhaka, Bangla Academy | 500.00 | B 954.9205092 BAN V-2 2008 | 03/12/2019 | C-5 | Books |